Movies Quiz

Random Movies or Actor Quiz

'B' Actors & Actresses Quiz Stats

 Plays Quiz not verified by Sporcle

Challenge
Share
Tweet
Embed
Score 0/20 Timer 03:00
0 Plays Today
Movies or TV Shows Actor % Correct
Kung Fu Panda, School of Rock, Gulliver's TravelsJack Black
92.1%
The Blind Side, Speed, Miss CongenialitySandra Bullock
91.9%
Charlie's Angels, Never Been Kissed, 50 First DatesDrew Barrymore
90.4%
X-Men, Catwoman, SwordfishHalle Berry
90%
American Psycho, The Dark Knight, The PrestigeChristian Bale
87.8%
The Mask of Zorro, Desperado, Shrek the ThirdAntonio Banderas
87.6%
Ferris Beuller's Day Off, The Lion King, GloryMatthew Broderick
85%
The Blues Brothers, Saturday Night Live, Animal HouseJohn Belushi
84.8%
30 Rock, Beetlejuice, The Hunt for Red OctoberAlec Baldwin
81.6%
GoldenEye, Mamma Mia!, Mrs. DoubtfirePierce Brosnan
80.6%
Movies or TV Shows Actor % Correct
Iron Man, The Big Lebowski, TRONJeff Bridges
79.7%
The Big Sleep, Casablanca, The Maltese FalconHumphrey Bogart
76.7%
On the Waterfront, Superman, A Streetcar Named DesireMarlon Brando
76.5%
Tremors, Animal House, Apollo 13Kevin Bacon
75%
Elizabeth, The Lord of the Rings, The AviatorCate Blanchett
71.4%
The Phantom Opera, 300, P.S. I Love YouGerard Butler
69%
Labyrinth, The Prestige, The Man Who Fell to EarthDavid Bowie
63.7%
W., No Country for Old Men, MilkJosh Brolin
62.6%
Dick Tracy, Reds, BugsyWarren Beatty
60.9%
I Now Pronounce You Chuck & Larry, Hitchcock, Summer CatchJessica Biel
43.6%

You're not logged in!

Compare scores with friends on all Sporcle quizzes.
OR
Log In

You Might Also Like...

Show Comments

Extras

Curator's Pick Feb 16, 2013ReportNominate
Tags:Actor Quiz, Actress Quiz, Letter B, Movie Stars

Top Quizzes Today


Score Distribution

Your Account Isn't Verified!

In order to create a playlist on Sporcle, you need to verify the email address you used during registration. Go to your Sporcle Settings to finish the process.

Report this User

Report this user for behavior that violates our Community Guidelines.

Details: